Big Bang Theory Actors Quiz Stats

 Plays Quiz Updated Mar 9, 2020

Support Sporcle.
Go Orange.
Score 0/20 Timer 05:00
0 Plays Today
Character Actor % Correct
Sheldon CooperJim Parsons
92%
PennyKaley Cuoco
75.3%
Leonard HofstadterJohnny Galecki
66.9%
Amy Farrah FowlerMayim Bialik
48.3%
Howard WolowitzSimon Helberg
43%
Rajesh KoothrappaliKunal Nayyar
36.7%
Bernadette RostenkowskiMelissa Rauch
35.2%
Leslie WinkleSara Gilbert
34.2%
Mary CooperLaurie Metcalf
22.2%
Beverly HofstadterChristine Baranski
21.6%
Character Actor % Correct
Stuart BloomKevin Sussman
16.6%
Mrs. WolowitzCarol Ann Susi
15.6%
Barry KripkeJohn Ross Bowie
13.6%
Stephanie BarnettSara Rue
13.4%
Priya KoothrappaliAarti Mann
13%
V.M. KoothrappaliBrian George
11.6%
Mrs. KoothrappaliAlice Amter
9.6%
Zack JohnsonBrian Thomas Smith
9.2%
Eric GablehauserMark Harelik
8.3%
KurtBrian Patrick Wade
8.1%

You're not logged in!

Compare scores with friends on all Sporcle quizzes.
OR
Log In

From the Vault

Similar Song Titles

by JoeBeta

After a while all musicians just start to sound alike.
Remove Ads.
Support Sporcle.
Get the best of Sporcle when you Go Orange. This ad-free experience offers more features, more stats, and more fun while also helping to support Sporcle. Thank you for becoming a member.

Show Comments

Extras

Top Quizzes Today


Score Distribution

Your Account Isn't Verified!

In order to create a playlist on Sporcle, you need to verify the email address you used during registration. Go to your Sporcle Settings to finish the process.

Report this User

Report this user for behavior that violates our Community Guidelines.

Details: